London survey'd (Record no. 107496)

MARC details
000 -LEADER
fixed length control field 01085cam a22002175a 4500
001 - CONTROL NUMBER
control field L140400
008 - FIXED-LENGTH DATA ELEMENTS--GENERAL INFORMATION
fixed length control field 070920r19761677xxkb f 001 0 eng d
035 ## - SYSTEM CONTROL NUMBER
System control number (Sirsi) u140400
041 0# - LANGUAGE CODE
Language code of text/sound track or separate title eng
100 1# - MAIN ENTRY--PERSONAL NAME
Personal name Ogilby, John
245 00 - TITLE STATEMENT
Title London survey'd
Remainder of title or, an explanation of the large map of London, giving a particular account of the streets and lanes, in the City and liberties, with the courts, yards, and alleys, churches, halls, and houses of note, in every street and lane, and directions to find them in the map...by John Ogilby and William Morgan, His Majesty's Cosmographers
Medium [cartographic material]
250 ## - EDITION STATEMENT
Edition statement Facsim.
260 ## - PUBLICATION, DISTRIBUTION, ETC.
Place of publication, distribution, etc. Lympne Castle
Name of publisher, distributor, etc. Harry Margary
Date of publication, distribution, etc. 1976
300 ## - PHYSICAL DESCRIPTION
Extent (11), 48 p. xxiv
Dimensions 28 cm.
500 ## - GENERAL NOTE
General note Facsimile of the original booklet by Ogilby and Morgan of 1677.
500 ## - GENERAL NOTE
General note Accompanies the facsimile of Ogilby's 'Large and accurate map of the city of London...' (see L140397).
651 #4 - SUBJECT ADDED ENTRY--GEOGRAPHIC NAME
Geographic name London
690 ## - LOCAL SUBJECT ADDED ENTRY--TOPICAL TERM (OCLC, RLIN)
Topical term or geographic name as entry element ENVIRONMENTAL AND LAND CONSULTANCY-GEOMATICS-MAPPING AND POSITIONING-CARTOGRAPHY
700 1# - ADDED ENTRY--PERSONAL NAME
Personal name Morgan, William
942 ## - ADDED ENTRY ELEMENTS (KOHA)
Suppress in OPAC 0
Holdings
Withdrawn status Lost status Source of classification or shelving scheme Damaged status Not for loan Home library Current library Shelving location Date acquired Total Checkouts Full call number Barcode Date last seen Copy number Price effective from Koha item type
    Dewey Decimal Classification     Historic collection Historic collection Historic collection 20/09/2007   MAP CABINET DRAWER 4 140400-2001 06/08/2019 1 06/08/2019 Archive